| 000 | 00628cam a22001811 4500 | ||
|---|---|---|---|
| 082 |
_a526.982 _bBAG _cL-16, P-1 |
||
| 100 | 1 |
_aBagley, James Warren, _939684 |
|
| 245 | 1 | 0 |
_aAerophotography and aerosurveying, _cby James W. Bagley ... |
| 250 | _a1st ed. | ||
| 260 |
_aNew York, _aLondon, _bMcGraw-Hill Book Company, inc., _c1941. |
||
| 300 |
_ax, 324 p. incl. illus., tables, diagrs. _c24 cm. |
||
| 526 |
_a0 _b0 _c0 _d526_982000000000000_BAG |
||
| 650 | 0 |
_aAerial photography. _920851 |
|
| 650 | 0 |
_aMCE _9379 |
|
| 650 | 0 |
_aPhotographic surveying. _939685 |
|
| 650 | 0 |
_aPhotography _xEquipment and supplies. _939686 |
|
| 942 |
_2ddc _cBK |
||
| 999 |
_c544130 _d544130 |
||